[Event "VIE-ch U07"]
[Site "Ho Chi Minh City"]
[Date "2014.07.17"]
[Round "8"]
[White "Le, Duc Tri"]
[Black "Nguy, Ngoc Duc Anh"]
[Result "0-1"]
[WhiteElo "1367"]
[BlackElo "1415"]
[PlyCount "44"]
[EventDate "2014.07.13"]
[EventType "swiss"]
[EventRounds "9"]
[EventCountry "VIE"]
[SourceTitle "EXT 2016"]
[Source "ChessBase"]
[SourceDate "2015.10.08"]
[SourceVersion "1"]
[SourceVersionDate "2015.10.08"]
[SourceQuality "1"]

1. e4 e5 2. Nf3 Nc6 3. Bc4 Bc5 4. Nc3 Nf6 5. 0-0 0-0 6. d3 h6 7. h3 Nd4 8. a3 a5 9. Re1 Rb8 10. Be3 c6 11. Bxd4 exd4 12. Ne2 Qb6 13. Qb1 Qa7 14. c3 dxc3 15. bxc3 Bxf2+ 16. Kh1 Bxe1 17. Qxe1 d5 18. exd5 cxd5 19. Bb3 Re8 20. Ba4 b5 21. Bb3 a4 22. Ba2 Qe3 0-1

[Event "VIE-ch U07"]
[Site "Ho Chi Minh City"]
[Date "2014.07.15"]
[Round "5"]
[White "Le, Duc Tri"]
[Black "Vo, Duc Anh Kiet"]
[Result "0-1"]
[WhiteElo "1367"]
[BlackElo "1390"]
[PlyCount "53"]
[EventDate "2014.07.13"]
[EventType "swiss"]
[EventRounds "9"]
[EventCountry "VIE"]
[SourceTitle "EXT 2016"]
[Source "ChessBase"]
[SourceDate "2015.10.08"]
[SourceVersion "1"]
[SourceVersionDate "2015.10.08"]
[SourceQuality "1"]

1. e4 e6 2. Nf3 Nc6 3. Nc3 Nf6 4. Bc4 Bc5 5. 0-0 0-0 6. d3 h6 7. h3 d6 8. a3 d5 9. Nxd5 exd5 10. exd5 Nd4 11. Nxd4 Bxd4 12. Re1 c6 13. dxc6 bxc6 14. Bd2 Bxb2 15. Ra2 Bd4 16. c3 Bb6 17. Ra1 Qd7 18. d4 c5 19. dxc5 Bxc5 20. Qf3 Bb7 21. Qg3 Nh5 22. Qd3 Qc6 23. Kf1 Qxg2+ 24. Ke2 Qxf2+ 25. Kd1 Bf3+ 26. Kc1 Nf4 27. Qc2 0-1